Представление документа в формате RUSMARC

ПолеНазваниеЗначение
  Тип записи a
  Библиографический уровень a
001 Контрольный номер RU/УОНБ/EK_Kray/375707244
005 Дата корректировки 20240131005101.1
100 Данные общей обработки __
a Данные общей обработки 20111127d2011 ||| 0rusy0189 ca
101 Язык документа 0_
a Язык текста rus
102 Страна публикации __
a Страна публикации RU
105 Кодированные данные (монография) __
a Кодированные данные (монография) y###||||000|y
200 Заглавие и сведения об ответственности 1_
a Заглавие В память погибших
215 Физическое описание __
c Иллюстрации/тип воспроизводства 1 фот.
330 Аннотация __
a Аннотация На здании школы № 6 г. Ульяновска 16 ноября 2011 г. состоялось торжественное открытие мемориальных досок, посвященных выпускникам С. Веселкину и В. Пуговкину, погибшим в Афганистане.
461 Уровень набора _0
1 2000
a Ульяновск сегодня
1 011
463 Уровень физической единицы _0
1 001RU/УОНБ/EK_Kray/375705125
1 2000
a 18 нояб
v С. 2
1 210
d 2011
600 Персоналии _1
a Персоналии (Фамилия) Веселкин, Сергей
600 Персоналии _1
a Персоналии (Фамилия) Пуговкин, Вадим
610 Ключевые слова 0_
a Ключевые слова мемориальные доски
610 Ключевые слова 0_
a Ключевые слова памятные доски
610 Ключевые слова 0_
a Ключевые слова участники войны в Афганистане
686 Индексы других классификаций __
a Классификационный индекс 85.1385.13П
2 Код системы rubbk
801 Источник записи _0
a Страна RU
b Организация Ульяновская ОНБ
c Дата составления 20111127
g Правила каталогизации RCR
801 Источник записи _1
a Страна RU
b Организация Ульяновская ОНБ
c Дата составления 20111127
g Правила каталогизации RCR
901 Тип документа __
t Тип документа b
w Контрольный № источника RU/УОНБ/EK_Kray/375705125
909 Создатель записи __
a Создатель записи Бороденкова
938 Служебная информация __
a Имя БД kraeved_work
b Имя библиотеки УОНБ
c Имя АИБС МАРК-SQL
d Номер DOC_ID в БД 80050